000 00443nam a2200181Ia 4500
001 18784
005 20260306171656.0
008 260306s9999||||xx |||||||||||||| ||und||
041 _aESP
082 _a658.5
_bH36D 2008
100 _aHeizer, Jay
_eAUT
245 0 _aDirección de la producción y de operaciones:
_bdecisiones tácticas
260 _c2008
300 _a
_c
650 _aGEN
654 _aCAN
942 _cLIB
_dJUS
_fJUS
_2ddc
_n
999 _c18784
_d18784